Managerial Evaluation of the Logistics Performance and Its Dependencies on Economies in Selected Countries

Manažérske zhodnotenie úrovne logistiky na jednotlivých kontinentoch. Zistenie závislosti medzi úrovňou logistických systémov a úrovňou HDP vo vybraných krajinách sveta. Použitie indexu výkonnosti logistiky a jeho šiestich kategórií.

Salvato in:
Dettagli Bibliografici
Autore principale: Filová, Alexandra
Altri autori: Hrdá, Veronika
Natura: Capitolo di libro
Lingua:inglese
Soggetti:
Tags: Aggiungi Tag
Nessun Tag, puoi essere il primo ad aggiungerne!!

MARC

LEADER 00000naa a2200000 4500
001 0277621
005 20210730144721.0
041 0 |a eng 
044 |a SK 
245 1 0 |a Managerial Evaluation of the Logistics Performance and Its Dependencies on Economies in Selected Countries  |c Alexandra Filová, Veronika Hrdá 
520 |a Manažérske zhodnotenie úrovne logistiky na jednotlivých kontinentoch. Zistenie závislosti medzi úrovňou logistických systémov a úrovňou HDP vo vybraných krajinách sveta. Použitie indexu výkonnosti logistiky a jeho šiestich kategórií. 
610 2 0 |a rast hospodársky 
610 2 0 |a manažéri 
610 2 0 |a logistika 
610 2 0 |a indexy 
610 2 0 |a výkonnosť 
610 2 0 |a produkt domáci hrubý 
100 1 |a Filová, Alexandra 
700 1 |a Hrdá, Veronika